书目信息 |
| 题名: |
梧院人物群像
|
|
| 作者: | 郑文锋 , 谭永军 主编 | |
| 分册: | ||
| 出版信息: | 北京 光明日报出版社 2018 |
|
| 页数: | 324页 | |
| 开本: | 25cm | |
| 丛书名: | 高校校园文化建设成果文库 | |
| 单 册: | ||
| 中图分类: | I253.4 | |
| 科图分类: | ||
| 主题词: | 通讯--Tong Xun--中国--当代--作品集 | |
| 电子资源: | ||
| ISBN: | 978-7-5194-4103-6 | |
| 000 | 01459nam 2200289 450 | |
| 001 | 012001005901 | |
| 005 | 20131014155228.0 | |
| 010 | @a978-7-5194-4103-6@b精装@dCNY78.00 | |
| 099 | @aCAL 012018097082 | |
| 100 | @a20180604d2018 ekmy0chiy50 ea | |
| 101 | 0 | @achi |
| 102 | @aCN@b110000 | |
| 105 | @ay z 000yy | |
| 106 | @ar | |
| 200 | 1 | @a梧院人物群像@AWu Yuan Ren Wu Qun Xiang@f郑文锋, 谭永军主编 |
| 210 | @a北京@c光明日报出版社@d2018 | |
| 215 | @a324页@d25cm | |
| 225 | 2 | @a高校校园文化建设成果文库@AGao Xiao Xiao Yuan Wen Hua Jian She Cheng Guo Wen Ku |
| 300 | @a2017年广西高校大学生思想政治教育推进工程项目资助 | |
| 330 | @a本书主要收录梧州学院典型的师生事迹, 推出有思想、有温度、有品质的人物通讯专辑。如爱岗敬业、潜心教学育人的“梧州好老师”陆科达, 身残志坚坐轮椅走上科研路的郑明博士, 引导学生阅读经典提高学习氛围的吴军, 敢于见义勇为、入选“中国好人榜”谢思敏, 坚持四年如一日帮扶残疾同学完成学业的舍友帮扶团, 刻苦学习、勇于争先的全国、全区各类学科竞赛比赛中获奖的学生个人和团队……其中这些作品不少曾稿件刊发在《光明日报》《中国教育报》《科技日报》《广西日报》等国家级、自治区级媒体上。此外, 还将选编反映校园记者成长的文章录入其中, 作为人才培养成果呈现。 | |
| 410 | 0 | @12001 @a高校校园文化建设成果文库 |
| 606 | 0 | @a通讯@ATong Xun@y中国@z当代@j作品集 |
| 690 | @aI253.4@v5 | |
| 701 | 0 | @a郑文锋@AZheng Wen Feng@4主编 |
| 701 | 0 | @a谭永军@ATan Yong Jun@4主编 |
| 801 | 0 | @aCN@b上海新华@c20191020 |
| 905 | @b1097992-5@dI253.4@e1098@f4 | |
| 梧院人物群像/郑文锋, 谭永军主编.-北京:光明日报出版社,2018 |
| 324页;25cm.-(高校校园文化建设成果文库) |
| 2017年广西高校大学生思想政治教育推进工程项目资助 |
| ISBN 978-7-5194-4103-6(精装):CNY78.00 |
| 本书主要收录梧州学院典型的师生事迹, 推出有思想、有温度、有品质的人物通讯专辑。如爱岗敬业、潜心教学育人的“梧州好老师”陆科达, 身残志坚坐轮椅走上科研路的郑明博士, 引导学生阅读经典提高学习氛围的吴军, 敢于见义勇为、入选“中国好人榜”谢思敏, 坚持四年如一日帮扶残疾同学完成学业的舍友帮扶团, 刻苦学习、勇于争先的全国、全区各类学科竞赛比赛中获奖的学生个人和团队……其中这些作品不少曾稿件刊发在《光明日报》《中国教育报》《科技日报》《广西日报》等国家级、自治区级媒体上。此外, 还将选编反映校园记者成长的文章录入其中, 作为人才培养成果呈现。 |
| ● |
| 相关链接 |
|
|
|
|
正题名:梧院人物群像
索取号:I253.4/1098
 
预约/预借
| 序号 | 登录号 | 条形码 | 馆藏地/架位号 | 状态 | 备注 |
| 1 | 1097992 | 210979921 | 第一样本阅览室/ [索取号:I253.4/1098] | 在馆 | |
| 2 | 1097993 | 210979930 | 第二借阅区/ [索取号:I253.4/1098] | 在馆 | |
| 3 | 1097994 | 210979949 | 第二借阅区/ [索取号:I253.4/1098] | 在馆 | |
| 4 | 1097995 | 210979958 | 第二借阅区/ [索取号:I253.4/1098] | 在馆 |